| 000 | 00675cam a2200229 a 4500 | ||
|---|---|---|---|
| 999 |
_c533230 _d533230 |
||
| 001 | 14831311 | ||
| 003 | NUST | ||
| 038 | _aM.Ramzan | ||
| 040 |
_aDLC _cDLC _dDLC |
||
| 043 | _an-us--- | ||
| 050 | 0 | 0 |
_aJV6201 _b.B35 2008 |
| 082 | 0 | 0 |
_a304.873 _222 _bBAI |
| 100 | 1 |
_aBailey, Rayna. _927028 |
|
| 245 | 1 | 0 |
_aImmigration and migration / _cRayna Bailey ; foreword by Lorenzo A. Trujillo. |
| 260 |
_aNew Delhi : _bViva Books, _c2010. |
||
| 300 |
_ax, 325 p. : _bill. ; _c24 cm. |
||
| 650 | 0 |
_aEmigration and immigration _xHistory. _927037 |
|
| 651 | 0 |
_aUnit _927039 |
|
| 651 | 0 |
_xGovernment policy. _927040 |
|
| 906 |
_a7 _bcbc _corignew _d1 _eecip _f20 _gy-gencatlg |
||
| 942 |
_2ddc _cBK |
||